[Event "BL 1617 Schwäbisch Hall - SV Mülheim "]
[Site "?"]
[Date "2017.02.18"]
[Round "7.6"]
[White "Wirig, Anthony"]
[Black "Warmerdam, Max"]
[Result "1-0"]
[WhiteElo "2476"]
[BlackElo "2382"]
[PlyCount "91"]
[EventDate "2017.??.??"]

1. e4 e5 2. Bc4 Nf6 3. d3 Nc6 4. Nc3 Bb4 5. Nge2 d5 6. exd5 Nxd5 7. O-O Be6 8.
Bb3 Qd7 9. f4 Nxc3 10. bxc3 Bc5+ 11. Kh1 Bxb3 12. axb3 Bd6 13. f5 f6 14. Ng3
Qf7 15. Qf3 a6 16. Be3 Rd8 17. Ra4 Be7 18. Rh4 Rd7 19. Ra1 Bf8 20. Ne4 Be7 21.
Qh3 h6 22. Qf3 Bf8 23. Rg4 Be7 24. Bc5 Nd8 25. b4 Kf8 26. Be3 Rh7 27. h3 Qe8
28. Re1 c6 29. Bc5 Nf7 30. Qg3 Kg8 31. Bxe7 Qxe7 32. Rg6 Rd6 33. Nxd6 Nxd6 34.
d4 e4 35. Rg4 h5 36. Rf4 Rh6 37. c4 h4 38. Qg4 e3 39. Qe2 Qd7 40. Qd3 Rh5 41.
Qxe3 Rxf5 42. Rxf5 Qxf5 43. c5 Nb5 44. c4 Nc7 45. Qe7 Qf2 46. d5 1-0

[Event "BL 1617 SV Griesheim - Schachfr. Berlin"]
[Site "?"]
[Date "2017.02.19"]
[Round "7.1"]
[White "Piorun, Kacper"]
[Black "Georgiadis, Nicolas"]
[Result "1-0"]
[WhiteElo "2651"]
[BlackElo "2475"]
[PlyCount "69"]
[EventDate "2017.??.??"]

1. Nf3 Nf6 2. c4 g6 3. Nc3 Bg7 4. e4 d6 5. d4 O-O 6. h3 e5 7. d5 a5 8. Bg5 Na6
9. Be2 Qe8 10. Nd2 Nd7 11. a3 Nb6 12. b3 Bd7 13. O-O Nc5 14. Qc2 f5 15. b4 Nca4
16. Nb5 Bxb5 17. cxb5 f4 18. Bh4 h6 19. f3 Qd7 20. Nb3 axb4 21. axb4 Nc8 22.
Na5 Nab6 23. Rfc1 Rf7 24. Nxb7 Rxa1 25. Rxa1 Bf6 26. Bf2 Qe7 27. Qc6 Kh7 28.
Nc5 Bh4 29. Bxh4 Qxh4 30. Ne6 Qe7 31. Rc1 h5 32. Qxc7 Qxc7 33. Nxc7 h4 34. Na8
Nxa8 35. Rxc8 1-0

[Event "BL 1617 SV Griesheim - Schachfr. Berlin"]
[Site "?"]
[Date "2017.02.19"]
[Round "7.2"]
[White "Krassowizkij, Jaroslaw"]
[Black "Vocaturo, Daniele"]
[Result "1/2-1/2"]
[WhiteElo "2454"]
[BlackElo "2613"]
[PlyCount "81"]
[EventDate "2017.??.??"]

1. d4 Nf6 2. c4 g6 3. f3 d5 4. cxd5 Nxd5 5. e4 Nb6 6. Nc3 Bg7 7. Be3 O-O 8. Qd2
e5 9. d5 c6 10. Rd1 Re8 11. dxc6 Qxd2+ 12. Rxd2 Nxc6 13. Bb5 Be6 14. Nd5 Rad8
15. Bxc6 bxc6 16. Nc7 Rxd2 17. Bxd2 Re7 18. Nxe6 Rxe6 19. Nh3 c5 20. Ke2 c4 21.
Rc1 Bf8 22. Be3 Rc6 23. Nf2 Bc5 24. Bxc5 Rxc5 25. b3 Rc6 26. Nd1 Rc8 27. bxc4
Rxc4 28. Rxc4 Nxc4 29. Kd3 Nd6 30. Kc3 f5 31. exf5 gxf5 32. Kb4 Kf7 33. Ka5 Ke6
34. Ka6 Kd5 35. Kxa7 Kd4 36. Kb6 e4 37. fxe4 fxe4 38. Kc6 Nc4 39. a4 e3 40.
Nxe3 Kxe3 41. Kc5 1/2-1/2

[Event "BL 1617 SV Griesheim - Schachfr. Berlin"]
[Site "?"]
[Date "2017.02.19"]
[Round "7.3"]
[White "Kraemer, Martin"]
[Black "Tazbir, Marcin"]
[Result "1/2-1/2"]
[WhiteElo "2571"]
[BlackElo "2504"]
[PlyCount "67"]
[EventDate "2017.??.??"]

1. e4 c5 2. Nf3 d6 3. d4 Nf6 4. Nc3 cxd4 5. Nxd4 Nc6 6. Bg5 e6 7. Qd2 a6 8.
O-O-O Bd7 9. f4 Be7 10. Nf3 h6 11. Bh4 b5 12. Bxf6 gxf6 13. Kb1 Qb6 14. Bd3
O-O-O 15. Rhe1 Kb8 16. Ne2 Bc8 17. f5 Ne5 18. Nf4 Rhg8 19. fxe6 fxe6 20. Be2
Rde8 21. Nd4 Bd8 22. Qb4 Qc5 23. Qd2 Bc7 24. g3 Nc4 25. Bxc4 bxc4 26. c3 Bd7
27. Ng2 h5 28. Ne3 Rc8 29. Rf1 Bd8 30. Ndc2 Be7 31. Na3 Bc6 32. Qd4 e5 33. Qxc5
Bxe4+ 34. Ka1 1/2-1/2

[Event "BL 1617 SV Griesheim - Schachfr. Berlin"]
[Site "?"]
[Date "2017.02.19"]
[Round "7.4"]
[White "Jarmula, Lukasz"]
[Black "Mista, Aleksander"]
[Result "1-0"]
[WhiteElo "2475"]
[BlackElo "2611"]
[PlyCount "115"]
[EventDate "2017.??.??"]

1. e4 c5 2. Nf3 Nc6 3. Bb5 d6 4. O-O Bd7 5. Re1 Nf6 6. c3 a6 7. Bf1 Bg4 8. d4
cxd4 9. cxd4 d5 10. exd5 Nxd5 11. Nc3 e6 12. h3 Bxf3 13. Qxf3 Be7 14. Nxd5 Qxd5
15. Qxd5 exd5 16. Be3 O-O 17. Rac1 Rac8 18. g4 Bb4 19. Red1 f6 20. Bg2 Ne7 21.
Bf4 g5 22. Bc7 Kg7 23. a3 Nc6 24. Bh2 Ba5 25. Bxd5 Bb6 26. Be6 Rcd8 27. d5 Ne5
28. Kg2 Rfe8 29. b4 Re7 30. f4 gxf4 31. Bxf4 h6 32. h4 Bc7 33. g5 hxg5 34. hxg5
Bd6 35. Rf1 Rf8 36. gxf6+ Rxf6 37. Rc8 Rg6+ 38. Kh1 Rexe6 39. dxe6 Rxe6 40. Rc2
b5 41. Re2 Bb8 42. Rg2+ Rg6 43. Bh2 Kh6 44. Re1 Nf3 45. Re8 Bxh2 46. Rxg6+ Kxg6
47. Kg2 Nd4 48. Kxh2 Kf5 49. Ra8 Ke4 50. Rxa6 Kd3 51. Kg3 Kc4 52. Kf4 Kb3 53.
Ke5 Nc2 54. Kd5 Nxa3 55. Kc5 Nc2 56. Rb6 Ne1 57. Kxb5 Nd3 58. Rh6 1-0

[Event "BL 1617 SV Griesheim - Schachfr. Berlin"]
[Site "?"]
[Date "2017.02.19"]
[Round "7.5"]
[White "Jakubowski, Krzysztof"]
[Black "Walter, Stefan"]
[Result "1/2-1/2"]
[WhiteElo "2534"]
[BlackElo "2414"]
[PlyCount "85"]
[EventDate "2017.??.??"]

1. Nf3 d5 2. c4 e6 3. e3 Nf6 4. d4 Be7 5. Nbd2 c5 6. dxc5 dxc4 7. Bxc4 Bxc5 8.
a3 a5 9. O-O Nc6 10. Nb3 Bb6 11. Qxd8+ Kxd8 12. Rd1+ Ke7 13. Bd2 e5 14. Bc3 Be6
15. Nbd2 Nd7 16. Bxe6 Kxe6 17. Nc4 Bc7 18. Ng5+ Ke7 19. Nxf7 b5 20. Nxh8 Rxh8
21. Nxa5 Bxa5 22. Rac1 Bxc3 23. Rxc3 Rc8 24. Rd5 b4 25. axb4 Ra8 26. Rd1 Nxb4
27. Rc7 Rd8 28. g3 Na6 29. Ra7 Nab8 30. Rc1 Rf8 31. Rb7 Kd8 32. Kg2 Rf6 33.
Rbc7 Rb6 34. R1c2 Ke7 35. h3 Rb5 36. Rc8 Rb3 37. g4 h6 38. R8c7 Kd6 39. Ra7 Ke6
40. Rd2 Rb4 41. Rc7 Rb3 42. Kf1 Rb4 43. Kg2 1/2-1/2

[Event "BL 1617 SV Griesheim - Schachfr. Berlin"]
[Site "?"]
[Date "2017.02.19"]
[Round "7.8"]
[White "Nothnagel, Marian Can"]
[Black "Thiede, Lars"]
[Result "1/2-1/2"]
[WhiteElo "2107"]
[BlackElo "2422"]
[PlyCount "82"]
[EventDate "2017.??.??"]

1. e4 d6 2. d4 Nf6 3. Nc3 e5 4. Nf3 Nc6 5. Bb5 Bd7 6. O-O Be7 7. Re1 exd4 8.
Nxd4 Nxd4 9. Qxd4 O-O 10. Bg5 Bxb5 11. Nxb5 h6 12. Bh4 a6 13. Nc3 Ne8 14. Bxe7
Qxe7 15. Nd5 Qd8 16. Rad1 Nf6 17. Nxf6+ Qxf6 18. Qxf6 gxf6 19. Rd5 Rfe8 20. f3
Re5 21. Kf2 Rae8 22. g4 Kg7 23. c4 b5 24. Rc1 bxc4 25. Rxc4 Rxd5 26. exd5 Rb8
27. b3 Rb5 28. Rxc7 Rxd5 29. Ke3 a5 30. Ra7 f5 31. h3 fxg4 32. hxg4 Kf6 33. Ke4
Re5+ 34. Kd4 h5 35. gxh5 Rxh5 36. Ra6 Ke6 37. Ke4 Rb5 38. Ra7 Rb4+ 39. Ke3 Rb5
40. Ke4 Re5+ 41. Kf4 Rb5 1/2-1/2

[Event "BL 1617 SV Hockenheim - SK König Tegel"]
[Site "?"]
[Date "2017.02.19"]
[Round "7.1"]
[White "Stern, Rene"]
[Black "Howell, David W L"]
[Result "0-1"]
[WhiteElo "2515"]
[BlackElo "2657"]
[PlyCount "62"]
[EventDate "2017.??.??"]

1. Nf3 c5 2. c4 Nc6 3. g3 g6 4. Bg2 Bg7 5. O-O e6 6. Nc3 Nge7 7. d3 O-O 8. Bd2
b6 9. a3 Bb7 10. Rb1 d6 11. b4 Qd7 12. Qb3 Rac8 13. Rfc1 Rfd8 14. e3 Ne5 15.
Nxe5 dxe5 16. Bxb7 Qxb7 17. Ne4 f5 18. Ng5 Bf6 19. e4 h6 20. Nf3 fxe4 21. dxe4
Qxe4 22. Bxh6 Nf5 23. Re1 Qg4 24. h3 Qxh3 25. Bg5 Nxg3 26. Nh2 Bxg5 27. Qxg3
Qxg3+ 28. fxg3 cxb4 29. axb4 Rd3 30. Rxe5 Rxg3+ 31. Kf2 Bh4 0-1

[Event "BL 1617 SV Hockenheim - SK König Tegel"]
[Site "?"]
[Date "2017.02.19"]
[Round "7.2"]
[White "Buhmann, Rainer"]
[Black "Rabiega, Robert"]
[Result "1/2-1/2"]
[WhiteElo "2625"]
[BlackElo "2504"]
[PlyCount "87"]
[EventDate "2017.??.??"]

1. d4 d5 2. Nf3 Nf6 3. c4 dxc4 4. e3 Bg4 5. Bxc4 e6 6. h3 Bh5 7. Nc3 Nc6 8. Bb5
Bd6 9. e4 Nd7 10. Be3 O-O 11. a3 Nb6 12. Qc2 Bxf3 13. gxf3 e5 14. Bxc6 bxc6 15.
Ne2 exd4 16. Nxd4 Qf6 17. Rg1 Rfe8 18. Nf5 g6 19. O-O-O Qe6 20. Nd4 Qa2 21. Qb3
Qxb3 22. Nxb3 Re5 23. Rd2 Rb8 24. Nd4 Rc5+ 25. Rc2 Nc4 26. Nf5 Nxe3 27. fxe3
Kf8 28. Nxd6 Rxc2+ 29. Kxc2 cxd6 30. Rg5 c5 31. Rd5 Ke7 32. Kc3 Ke6 33. b4
cxb4+ 34. axb4 Rc8+ 35. Kd4 Rb8 36. b5 Rc8 37. e5 dxe5+ 38. Rxe5+ Kd6 39. Rd5+
Ke6 40. Re5+ Kd6 41. Rd5+ Ke6 42. Rc5 Rd8+ 43. Ke4 Rd6 44. f4 1/2-1/2

[Event "BL 1617 SV Hockenheim - SK König Tegel"]
[Site "?"]
[Date "2017.02.19"]
[Round "7.3"]
[White "Richter, Michael"]
[Black "Saric, Ivan"]
[Result "1/2-1/2"]
[WhiteElo "2498"]
[BlackElo "2648"]
[PlyCount "73"]
[EventDate "2017.??.??"]

1. e4 c5 2. Nf3 e6 3. c4 Nc6 4. Nc3 Nd4 5. d3 Ne7 6. Be2 Nxf3+ 7. Bxf3 Nc6 8.
O-O Be7 9. g3 O-O 10. Bg2 a6 11. Be3 Rb8 12. a4 b6 13. f4 Bb7 14. Kh1 d6 15. g4
Nb4 16. d4 cxd4 17. Bxd4 Nc6 18. Bg1 Ba8 19. b3 g5 20. Ne2 gxf4 21. Nxf4 Ne5
22. Nh5 Bg5 23. Ra2 Ng6 24. Rd2 Qe7 25. Rxd6 Rbd8 26. Qa1 e5 27. Rxd8 Rxd8 28.
Rd1 Rxd1 29. Qxd1 Nh4 30. Ng3 Nxg2 31. Kxg2 Bh4 32. Kf3 Bxg3 33. Kxg3 Bxe4 34.
Bxb6 Kg7 35. Qd8 Qxd8 36. Bxd8 Bc2 37. b4 1/2-1/2

[Event "BL 1617 SV Hockenheim - SK König Tegel"]
[Site "?"]
[Date "2017.02.19"]
[Round "7.4"]
[White "Wagner, Dennis"]
[Black "Muse, Mladen"]
[Result "1-0"]
[WhiteElo "2568"]
[BlackElo "2391"]
[PlyCount "119"]
[EventDate "2017.??.??"]

1. Nf3 Nf6 2. c4 b6 3. g3 Bb7 4. Bg2 e6 5. O-O Be7 6. Nc3 O-O 7. Re1 Ne4 8.
Nxe4 Bxe4 9. d3 Bb7 10. d4 Be4 11. Ne5 Bxg2 12. Kxg2 d6 13. Nf3 d5 14. cxd5
exd5 15. Qc2 c5 16. dxc5 bxc5 17. Rd1 Nc6 18. Qf5 d4 19. Bg5 g6 20. Qf4 f6 21.
Bh6 Re8 22. e3 Bd6 23. Qh4 Be5 24. Rac1 Qd5 25. e4 Qd6 26. Qg4 Qe7 27. Nd2 Rad8
28. h4 Bd6 29. Qe2 Ne5 30. Bf4 Kg7 31. Qa6 Nf7 32. Bxd6 Nxd6 33. Re1 Rc8 34. a3
Qc7 35. Qd3 Qb6 36. Rc2 Qb7 37. Kh2 Re7 38. b4 cxb4 39. Rxc8 Nxc8 40. Rb1 a5
41. axb4 axb4 42. Qxd4 Rd7 43. Rxb4 Rxd4 44. Rxb7+ Kh6 45. Rb2 Nd6 46. f3 Nc4
47. Nxc4 Rxc4 48. Rb7 Rc5 49. g4 Rc6 50. Kg3 g5 51. h5 Ra6 52. Rf7 Rb6 53. Kf2
Ra6 54. Ke2 Ra2+ 55. Kd1 Ra6 56. Kc2 Rc6+ 57. Kd3 Rd6+ 58. Kc4 Rc6+ 59. Kd5 Ra6
60. Rd7 1-0

[Event "BL 1617 SV Hockenheim - SK König Tegel"]
[Site "?"]
[Date "2017.02.19"]
[Round "7.5"]
[White "Bruedigam, Martin"]
[Black "Moiseenko, Alexander"]
[Result "0-1"]
[WhiteElo "2405"]
[BlackElo "2661"]
[PlyCount "76"]
[EventDate "2017.??.??"]

1. e4 c5 2. Nf3 Nc6 3. Bb5 e6 4. Bxc6 bxc6 5. b3 f6 6. O-O e5 7. c3 d5 8. Qe2
a5 9. exd5 cxd5 10. d4 Ba6 11. c4 cxd4 12. Nxe5 fxe5 13. Qh5+ Kd7 14. Qxe5 Nf6
15. Qxd4 Ke8 16. Bg5 Be7 17. Re1 Kf7 18. cxd5 h6 19. Bh4 g5 20. Bg3 Qxd5 21.
Qb2 Bb7 22. f3 Bb4 23. Rc1 Rac8 24. Na3 Bc3 25. Rxc3 Qd4+ 26. Bf2 Qxc3 27. Qxc3
Rxc3 28. Nc4 Rd8 29. Be1 Rxc4 30. bxc4 a4 31. Rb1 Bc6 32. Kf2 g4 33. Rb6 Rc8
34. Bd2 gxf3 35. gxf3 h5 36. Ra6 Ke6 37. Bc3 Nd7 38. Bd4 Kd6 0-1

[Event "BL 1617 SV Hockenheim - SK König Tegel"]
[Site "?"]
[Date "2017.02.19"]
[Round "7.6"]
[White "Baramidze, David"]
[Black "Fruebing, Stefan"]
[Result "1-0"]
[WhiteElo "2604"]
[BlackElo "2387"]
[PlyCount "117"]
[EventDate "2017.??.??"]

1. Nf3 Nf6 2. c4 g6 3. g3 Bg7 4. Bg2 O-O 5. O-O d6 6. Nc3 Nc6 7. d3 e5 8. Rb1
h6 9. b4 a6 10. a4 Be6 11. b5 axb5 12. axb5 Ne7 13. Nd2 Qc8 14. Re1 Bh3 15. Bh1
Nd7 16. Qb3 Nc5 17. Qb4 Qd7 18. Nb3 Nxb3 19. Rxb3 Ra1 20. Bxb7 Rb8 21. Bd5 c5
22. bxc6 Nxc6 23. Qxb8+ Nxb8 24. Rxb8+ Kh7 25. Rb7 Qd8 26. Bxf7 Qa5 27. Bd2
Rxe1+ 28. Bxe1 e4 29. Bd5 exd3 30. exd3 h5 31. d4 Kh8 32. Rb8+ Kh7 33. Rb1 Bf5
34. Rd1 Qa3 35. Nb5 Qa4 36. Rd2 Qa1 37. Re2 Qd1 38. Re7 Bh3 39. Nxd6 Qd3 40.
Bg2 Bxg2 41. Kxg2 Kg8 42. d5 Bf8 43. Re8 Kg7 44. Re3 Qc2 45. Bc3+ Kg8 46. Ne4
Qd1 47. Nf6+ Kf7 48. Rf3 Be7 49. Nxh5+ Ke8 50. Nf6+ Bxf6 51. Bxf6 Qc2 52. Rf4
Kd7 53. h4 Qd3 54. Rd4 Qf5 55. Bg5 Qe5 56. Be3 Qd6 57. Rd2 Qb4 58. c5 Qe4+ 59.
Kh2 1-0

[Event "BL 1617 SV Hockenheim - SK König Tegel"]
[Site "?"]
[Date "2017.02.19"]
[Round "7.7"]
[White "Sarbok, Torsten"]
[Black "Braun, Arik"]
[Result "0-1"]
[WhiteElo "2318"]
[BlackElo "2586"]
[PlyCount "108"]
[EventDate "2017.??.??"]

1. e4 c5 2. Nf3 e6 3. b3 b6 4. Bb2 Bb7 5. Nc3 Nc6 6. d3 Nf6 7. Be2 d5 8. O-O
Be7 9. exd5 Nxd5 10. Nxd5 Qxd5 11. Ne1 Bf6 12. Bf3 Qd7 13. Rb1 O-O-O 14. a3
Bxb2 15. Rxb2 Qd4 16. Qc1 Qc3 17. Qa1 Nd4 18. Bxb7+ Kxb7 19. Rb1 Qxa1 20. Rxa1
g5 21. f3 h5 22. Kf2 f5 23. Ke3 e5 24. Kd2 g4 25. Rb1 f4 26. c3 Nf5 27. Nc2
Rhg8 28. fxg4 Rxg4 29. g3 e4 30. d4 cxd4 31. Rxf4 Rxf4 32. gxf4 dxc3+ 33. Kxc3
Rd3+ 34. Kb2 Rd2 35. Kc3 Rxh2 36. Re1 Rh3+ 37. Kc4 h4 38. Kd5 Rxb3 39. Kxe4
Ng3+ 40. Kd5 Rd3+ 41. Nd4 h3 42. Re7+ Ka6 43. Rh7 Ne2 44. Ke4 Rxd4+ 45. Ke3
Rxf4 46. Kxe2 Kb5 47. Rxh3 Ka4 48. Kd2 Rc4 49. Rg3 b5 50. Rh3 a5 51. Rg3 b4 52.
axb4 axb4 53. Rh3 b3 54. Rh8 Ka3 0-1

[Event "BL 1617 SV Hockenheim - SK König Tegel"]
[Site "?"]
[Date "2017.02.19"]
[Round "7.8"]
[White "Boguslawski, Oleg"]
[Black "Muse, Drazen"]
[Result "0-1"]
[WhiteElo "2435"]
[BlackElo "2355"]
[PlyCount "74"]
[EventDate "2017.??.??"]

1. e4 d5 2. exd5 Qxd5 3. Nc3 Qd6 4. d4 Nf6 5. Nf3 a6 6. Bd3 g6 7. O-O Bg7 8.
Re1 O-O 9. Bg5 Nc6 10. h3 Nxd4 11. Nxd4 Qxd4 12. Qf3 Qc5 13. Be3 Qa5 14. Bf4
Re8 15. a3 c6 16. g4 Nd5 17. Bd2 Nxc3 18. Bc4 e6 19. bxc3 Qc5 20. Bb3 b5 21.
Rad1 Bb7 22. c4 Qe7 23. c5 a5 24. Bf4 a4 25. Ba2 Rad8 26. Bd6 Qf6 27. Qe3 Qb2
28. Bb1 Bc3 29. Rf1 b4 30. f4 Ba6 31. Rf3 Qxa3 32. Qe4 Bb5 33. Re3 Qb2 34. f5
a3 35. fxg6 hxg6 36. h4 a2 37. Bxa2 Qxa2 0-1

[Event "BL 1617 OSG Baden Baden - SG Trier"]
[Site "?"]
[Date "2017.02.18"]
[Round "7.1"]
[White "Erdos, Viktor"]
[Black "Svidler, Peter"]
[Result "0-1"]
[WhiteElo "2597"]
[BlackElo "2748"]
[PlyCount "70"]
[EventDate "2017.??.??"]

1. Nf3 c5 2. c4 Nf6 3. Nc3 d5 4. cxd5 Nxd5 5. e4 Nb4 6. Bc4 Nd3+ 7. Ke2 Nf4+ 8.
Kf1 Nd3 9. Ke2 Nf4+ 10. Kf1 Nd3 11. Qe2 Nxc1 12. Rxc1 e6 13. h4 Nc6 14. e5 Bd7
15. Rh3 Qb6 16. Bb5 h6 17. Kg1 a6 18. Ba4 O-O-O 19. Bb3 Kb8 20. d3 Be7 21. h5
Qa5 22. Ne4 c4 23. dxc4 Nxe5 24. c5 Qc7 25. Rg3 Bc6 26. Ned2 Nd3 27. Rc4 Bb5
28. Rxg7 Bxc4 29. Bxc4 Nf4 30. Qe4 Bxc5 31. Ne5 Rd4 32. Qe1 Rxd2 33. Qxd2 Qxe5
34. Rxf7 Nd5 35. Bxd5 exd5 0-1

[Event "BL 1617 OSG Baden Baden - SG Trier"]
[Site "?"]
[Date "2017.02.18"]
[Round "7.2"]
[White "Kasimdzhanov, Rustam"]
[Black "Lupulescu, Constantin"]
[Result "1-0"]
[WhiteElo "2699"]
[BlackElo "2620"]
[PlyCount "73"]
[EventDate "2017.??.??"]

1. e4 e6 2. d4 d5 3. Nc3 Nf6 4. e5 Nfd7 5. f4 c5 6. Nf3 Nc6 7. Be3 Be7 8. Qd2
a6 9. dxc5 Nxc5 10. O-O-O O-O 11. h4 Qa5 12. Nd4 Nxd4 13. Bxd4 Rd8 14. Kb1 Qc7
15. Bd3 b5 16. g4 b4 17. Ne2 a5 18. Ng3 Ba6 19. f5 b3 20. Bxa6 bxc2+ 21. Qxc2
Nxa6 22. Qd2 Rdc8 23. Rc1 Qd8 24. f6 Bb4 25. Qe3 g6 26. h5 Rxc1+ 27. Qxc1 Qc7
28. hxg6 fxg6 29. Ne2 Rc8 30. f7+ Kh8 31. Qf1 Qc2+ 32. Ka1 Be7 33. Nf4 Nb4 34.
Nxe6 Qd2 35. Qf4 Qg2 36. Rf1 Nc2+ 37. Kb1 1-0

[Event "BL 1617 OSG Baden Baden - SG Trier"]
[Site "?"]
[Date "2017.02.18"]
[Round "7.3"]
[White "Parligras, Mircea-Emilian"]
[Black "Bacrot, Etienne"]
[Result "1/2-1/2"]
[WhiteElo "2603"]
[BlackElo "2695"]
[PlyCount "81"]
[EventDate "2017.??.??"]

1. d4 Nf6 2. c4 g6 3. Nc3 Bg7 4. e4 d6 5. Nf3 O-O 6. h3 e5 7. d5 a5 8. Bg5 Nbd7
9. Be2 Nc5 10. Nd2 c6 11. Nb3 Na6 12. O-O Bd7 13. dxc6 Bxc6 14. Nd5 Bxd5 15.
cxd5 h6 16. Bxf6 Bxf6 17. Bxa6 Rxa6 18. Rc1 Bg5 19. Rc2 h5 20. Qd3 Qb6 21. Nd2
Raa8 22. Rd1 Bxd2 23. Qxd2 Rfc8 24. Rdc1 Rxc2 25. Rxc2 Kg7 26. Rc4 h4 27. Qc3
Qb5 28. Rc7 Rf8 29. b3 Qe2 30. Qc2 Qe1+ 31. Kh2 b5 32. Rd7 a4 33. bxa4 bxa4 34.
Rb7 Ra8 35. a3 Rf8 36. Rb4 Ra8 37. Rb7 Rf8 38. Rb6 Rd8 39. Rb2 Qa1 40. Rb4 Qe1
41. Rb7 1/2-1/2

[Event "BL 1617 OSG Baden Baden - SG Trier"]
[Site "?"]
[Date "2017.02.18"]
[Round "7.4"]
[White "Shirov, Alexei"]
[Black "Gledura, Benjamin"]
[Result "0-1"]
[WhiteElo "2678"]
[BlackElo "2583"]
[PlyCount "66"]
[EventDate "2017.??.??"]

1. e4 e5 2. Nf3 Nc6 3. Bb5 a6 4. Ba4 Nf6 5. O-O Be7 6. Re1 b5 7. Bb3 O-O 8. a4
Bb7 9. d3 d6 10. Nbd2 Na5 11. Ba2 c5 12. Nf1 b4 13. Bg5 Rb8 14. N3d2 Nd5 15.
Bxe7 Nxe7 16. Ne3 Bc8 17. Qh5 Be6 18. Bxe6 fxe6 19. Nec4 Nxc4 20. Nxc4 Nc6 21.
Re3 Nd4 22. Rh3 h6 23. Ne3 Qe8 24. Qd1 Rb7 25. c3 bxc3 26. bxc3 Nb3 27. Rb1
Qxa4 28. Qg4 Kh8 29. Qh5 Qa2 30. Rf1 Nd2 31. Rd1 Nb1 32. Rf1 Nxc3 33. g3 Rb1
0-1

[Event "BL 1617 OSG Baden Baden - SG Trier"]
[Site "?"]
[Date "2017.02.18"]
[Round "7.6"]
[White "Movsesian, Sergei"]
[Black "Gonda, Laszlo"]
[Result "1-0"]
[WhiteElo "2679"]
[BlackElo "2487"]
[PlyCount "113"]
[EventDate "2017.??.??"]

1. e4 e5 2. Nf3 Nc6 3. Bc4 Bc5 4. O-O Nf6 5. d3 O-O 6. c3 d6 7. h3 h6 8. Re1 a6
9. Bb3 Re8 10. Bc2 Ba7 11. Nbd2 Ne7 12. d4 Ng6 13. Nf1 c5 14. d5 c4 15. b4 cxb3
16. axb3 b5 17. b4 Bd7 18. Ng3 Bb6 19. Bd3 Qc7 20. Bd2 Nf4 21. Bf1 a5 22. bxa5
Rxa5 23. Rxa5 Bxa5 24. Qb3 Rb8 25. Ra1 Bb6 26. Ra6 Bc8 27. Ra2 Bd7 28. Qb1 Bc5
29. Be1 N6h5 30. Nxh5 Nxh5 31. Rb2 Qc8 32. Kh2 f5 33. exf5 Bxf5 34. Qd1 Nf4 35.
Ng1 Qe8 36. g3 Ng6 37. Qf3 Ne7 38. Qd1 Be4 39. Rd2 Qf7 40. Bxb5 Rxb5 41. Qa4
Rb1 42. Qxe4 Qf5 43. Qe2 e4 44. c4 Ng6 45. Rb2 Rxb2 46. Qxb2 Ne5 47. Qe2 h5 48.
Kg2 Nd3 49. h4 Bd4 50. Bd2 Bxf2 51. Nh3 e3 52. Ng5 exd2 53. Qe8+ Qf8 54. Qe6+
Kh8 55. Qg6 Ne1+ 56. Kh1 Qf3+ 57. Nxf3 1-0

[Event "BL 1617 OSG Baden Baden - SG Trier"]
[Site "?"]
[Date "2017.02.18"]
[Round "7.7"]
[White "Kolbus, Dietmar"]
[Black "Meier, Georg"]
[Result "0-1"]
[WhiteElo "2308"]
[BlackElo "2630"]
[PlyCount "154"]
[EventDate "2017.??.??"]

1. c4 Nf6 2. Nf3 e6 3. g3 b6 4. Bg2 Bb7 5. O-O c5 6. Nc3 d6 7. d4 cxd4 8. Qxd4
a6 9. b3 Nbd7 10. Bb2 Be7 11. Ng5 Bxg2 12. Kxg2 Qc7 13. f3 O-O 14. Nge4 Rfd8
15. Nxf6+ Nxf6 16. e4 Qb7 17. a4 Bf8 18. Rfd1 Nd7 19. Rab1 Nc5 20. Ba1 Rac8 21.
Rd2 Qe7 22. Qe3 Qb7 23. Qd4 Re8 24. Re2 h6 25. Rd2 Qe7 26. Qe3 Qg5 27. Qxg5
hxg5 28. h3 Be7 29. Nd1 Rb8 30. Bd4 Red8 31. Nc3 Kf8 32. Kf1 Bf6 33. Bxf6 gxf6
34. Rh2 Ke7 35. Ke2 Rh8 36. Kd2 Rbg8 37. g4 Rh6 38. Nd1 Nd7 39. Ke3 Rb8 40. Nf2
Ne5 41. Nd3 Rbh8 42. Rbh1 Nc6 43. Nc1 Kd7 44. Kf2 Ne5 45. Kg3 f5 46. exf5 exf5
47. gxf5 Rf6 48. Re1 Rxf5 49. Re3 Rh4 50. Nd3 Rd4 51. Ne1 Nc6 52. Nd3 Ne5 53.
Ne1 a5 54. Rc2 Rf6 55. Rce2 Rg6 56. Re4 Rd1 57. Rc2 f5 58. Ree2 f4+ 59. Kf2 Rh6
60. Kg2 Re6 61. Kf2 Rb1 62. Rb2 Rxe1 63. Kxe1 Nd3+ 64. Kf1 Nxb2 65. Rxb2 Re3
66. Kf2 Rc3 67. Rd2 Rxb3 68. Rd5 Rb4 69. Rxg5 Rxa4 70. Ke2 Rxc4 71. Kd3 Rc5 72.
Rg4 b5 73. Rxf4 b4 74. Rg4 b3 75. Rg1 a4 76. Rb1 Kc6 77. f4 Kb5 0-1

[Event "BL 1617 OSG Baden Baden - SG Trier"]
[Site "?"]
[Date "2017.02.18"]
[Round "7.8"]
[White "Gustafsson, Jan"]
[Black "Cioara, Andrei-Nestor"]
[Result "1-0"]
[WhiteElo "2626"]
[BlackElo "2442"]
[PlyCount "65"]
[EventDate "2017.??.??"]

1. c4 c6 2. Nf3 d5 3. e3 Nf6 4. Nc3 e6 5. d4 Nbd7 6. Bd3 Bd6 7. e4 dxe4 8. Nxe4
Nxe4 9. Bxe4 Nf6 10. Bc2 b6 11. O-O Bb7 12. Bg5 Be7 13. Re1 O-O 14. Qd3 g6 15.
Rad1 Nd7 16. h4 Bf6 17. Qe3 Qc7 18. h5 Rfe8 19. Bf4 Qc8 20. hxg6 hxg6 21. Ng5
e5 22. dxe5 Nxe5 23. Ne4 Ng4 24. Nxf6+ Nxf6 25. Qc3 Nh5 26. Be5 c5 27. f3 Re6
28. g4 f6 29. Bh2 Ng7 30. Bxg6 f5 31. Rd6 Rxe1+ 32. Qxe1 fxg4 33. Qh4 1-0

[Event "BL 1617 SP Schwegenheim - DJK Aachen"]
[Site "?"]
[Date "2017.02.18"]
[Round "7.1"]
[White "van Foreest, Jorden"]
[Black "Neiksans, Arturs"]
[Result "1-0"]
[WhiteElo "2584"]
[BlackElo "2620"]
[PlyCount "91"]
[EventDate "2017.??.??"]

1. e4 c5 2. Nf3 e6 3. d4 cxd4 4. Nxd4 a6 5. Nc3 Qc7 6. g3 Nf6 7. Bg2 Be7 8. O-O
O-O 9. a4 Nc6 10. Be3 Na5 11. g4 Nc4 12. Bc1 d6 13. g5 Nd7 14. f4 Re8 15. f5
Bf8 16. Kh1 Nde5 17. h4 Bd7 18. h5 Qa5 19. g6 hxg6 20. hxg6 fxg6 21. fxe6 Bxe6
22. Nxe6 Rxe6 23. b4 Qd8 24. Bh3 Rf6 25. Kg2 g5 26. Nd5 Rh6 27. Bf5 Ng6 28.
Bxg6 Rxg6 29. Rf5 Rc8 30. c3 Qe8 31. Qd4 Ne5 32. Be3 Re6 33. Raf1 Qh5 34. Bxg5
Rg6 35. Qe3 Qg4+ 36. Kh2 Nf7 37. Rg1 Nh6 38. Rf4 Qe6 39. Rg3 Kh7 40. Qf3 Kg8
41. Bxh6 Rxh6+ 42. Kg1 Be7 43. Qg4 Bf8 44. Rxf8+ Kxf8 45. Qxg7+ Ke8 46. Qg8+
1-0

[Event "BL 1617 SP Schwegenheim - DJK Aachen"]
[Site "?"]
[Date "2017.02.18"]
[Round "7.2"]
[White "Feller, Sebastien"]
[Black "Donchenko, Alexander"]
[Result "0-1"]
[WhiteElo "2574"]
[BlackElo "2553"]
[PlyCount "114"]
[EventDate "2017.??.??"]

1. d4 Nf6 2. c4 e6 3. Nf3 c5 4. d5 d6 5. Nc3 exd5 6. cxd5 g6 7. g3 Bg7 8. Bg2
O-O 9. O-O Re8 10. Bf4 Bf5 11. Nh4 Bg4 12. h3 Nh5 13. hxg4 Nxf4 14. gxf4 Qxh4
15. e3 Nd7 16. Ne4 Nf6 17. Nxf6+ Qxf6 18. Rb1 h6 19. Qd3 Rab8 20. a4 Qh4 21.
Bf3 Qh3 22. Qe2 g5 23. Bg2 Qh4 24. fxg5 Be5 25. Rfc1 hxg5 26. b4 b6 27. bxc5
bxc5 28. a5 Rec8 29. Qf3 Kg7 30. Qf5 Rh8 31. a6 Rxb1 32. Rxb1 Rh6 33. Qe4 Rf6
34. f3 Rf4 35. Qc2 Rb4 36. Kf1 Qg3 37. Rxb4 cxb4 38. Qf2 Qh2 39. Qc2 Bc3 40.
Qf5 Qh4 41. Qb1 b3 42. Ke2 b2 43. Kd3 Bf6 44. Bf1 Qh7+ 45. e4 Qh1 46. Qd1 Qg1
47. Kc2 Qc5+ 48. Kb1 Qa3 49. Bd3 Be5 50. Kc2 Qc3+ 51. Kb1 Kg8 52. Ka2 Qc1 53.
Qc2 Qa1+ 54. Kb3 Qh1 55. Ka4 Qxf3 56. Kb5 Qxg4 57. Qc7 Qd1 0-1